01048nam a2200205Ia 4500952009600000952009600096999001700192008004100209020001500250050001500265100004100280245011700321260003600438300003600474500011000510505013100620519004100751650003800792942001200830 00102lcc4070a01b01d2023-03-07l0oQH315 F85p16 004200r2023-07-13t1w2023-03-07yLB 00102lcc4070a01b01d2023-03-07l0oQH315 F85p16 004201r2024-10-16t2w2023-03-07yLB c68901d68901120626s1990 mx a 000 0 spa d a9684227663 aQH315bF85 aArana Arana, Federicod, 1942eautor aFundamentos de Biologíac/ Federico, Arana Arana; revisión técnica: Guadalupe Ana María, Vázquez Torre aMéxicob: McGraw Hillc, 1990 a332 páginasb: ilustraciones  aIncluye: Prólogo (pp. xv-xvi), Lecturas recomendadas (pp. 313- 314), Índice analítico (pp. 315-332) aI. Los seres vivos como unidad II. Diversidad de los organismos III. Continuidad y evolución de la vida IV. Ecología aMaterial Complementario /d16 004200 0aBIOLOGÍAxESTUDIO Y ENSEÑANZA cLB2lcc